| 000 | 00431nam a2200157Ia 4500 | ||
|---|---|---|---|
| 008 | 210716s2019 xx 000 0 und d | ||
| 020 | _a9788174820556 | ||
| 041 | _aeng | ||
| 082 | _a153.94 LALJ | ||
| 100 | _aLal; Jain; Vashistha, K C. | ||
| 245 | _aUpkars UGC NET/JRF/SET teaching research aptitude ( general paper -I). | ||
| 250 | _a1 | ||
| 260 |
_aAgra _bUpkar Prakashan _c2019 |
||
| 300 | _a416L | ||
| 650 | _aAptitude Test | ||
| 999 |
_c210854 _d210854 |
||